Score 0/26 Timer 05:00
0 Plays Today
Clue Word % Correct
All that glitters is not ____;gold
93.3%
To be or not to be — that is the ________:question
92.7%
If you prick us, do we not _____?bleed
92.1%
Friends, Romans, countrymen, lend me your ____;ears
91.3%
What's in a ____? that which we call a rose by any other ____ would smell as sweet.name
91.3%
Beware the ____ of March.ides
90.3%
But I will wear my heart upon my ______sleeve
87.9%
Neither a borrower nor a ______ be;lender
83.4%
But, soft! what light through ______ window breaks?yonder
81%
To sleep — perchance to _____: ay, there's the rub!dream
78.2%
The lady doth _______ too much, methinks.protest
77.2%
A horse! a horse! my _______ for a horse!kingdom
74.7%
If _____ be the food of love, play on;music
68.3%
Clue Word % Correct
Lord, what _____ these mortals be!fools
68.2%
Now is the ______ of our discontent made glorious summer by this sun of York;winter
67.8%
Something is ______ in the state of Denmark.rotten
64.8%
This youth that you see here I snatch'd one half out of the ____ of death,jaws
62.2%
Some are born great, some _______ greatness,
and some have greatness thrust upon 'em.
achieve
59.2%
Why, then the world's mine ______. Which I with sword will open.oyster
55.7%
How sharper than a serpent's tooth it is to have a thankless _____!child
47.1%
By the pricking of my ______, something wicked this way comes.thumbs
37%
______ lies the head that wears a crown.Uneasy
25.7%
Cry '_____,' and let slip the dogs of war;Havoc
22.6%
What ____, what fury hath inspired thee now?zeal
14.7%
Age cannot wither her, nor custom stale her infinite _______:variety
11.9%
As old as Sibyl, and as curst and shrewd as Socrates' _________Xanthippe
5.4%

Today's Daily Dose

Remove Ads.
Support Sporcle.
Get the best of Sporcle when you Go Orange. This ad-free experience offers more features, more stats, and more fun while also helping to support Sporcle. Thank you for becoming a member.

You're not logged in!

Compare scores with friends on all Sporcle quizzes.
OR
Log In

Show Comments

Extras

Top Quizzes Today


Score Distribution

Your Account Isn't Verified!

In order to create a playlist on Sporcle, you need to verify the email address you used during registration. Go to your Sporcle Settings to finish the process.

Report this User

Report this user for behavior that violates our Community Guidelines.

Details: